header

Teaching number sense, grade 1 / (Record no. 265796)

MARC details
000 -LEADER
fixed length control field 01332cam a22003974a 4500
001 - CONTROL NUMBER
control field 13929763
003 - CONTROL NUMBER IDENTIFIER
control field OSt
005 - DATE AND TIME OF LATEST TRANSACTION
control field 20260129091238.0
008 - FIXED-LENGTH DATA ELEMENTS--GENERAL INFORMATION
fixed length control field 050414s2005 caua 001 0 eng
010 ## - LIBRARY OF CONGRESS CONTROL NUMBER
LC control number 2005010701
020 ## - INTERNATIONAL STANDARD BOOK NUMBER
International Standard Book Number 0941355594
Qualifying information pbk. : acid-free paper
International Standard Book Number 9780941355599
035 ## - SYSTEM CONTROL NUMBER
System control number 13929763
System control number (OCoLC)59148606
040 ## - CATALOGING SOURCE
Original cataloging agency DLC
Transcribing agency DLC
Modifying agency OCLCQ
-- BAKER
-- MDY
-- C#P
-- DLC
042 ## - AUTHENTICATION CODE
Authentication code pcc
050 00 - LIBRARY OF CONGRESS CALL NUMBER
Classification number QA135.6
Item number .C654 2005
082 00 - DEWEY DECIMAL CLASSIFICATION NUMBER
Classification number 372.7
Edition number 22
100 1# - MAIN ENTRY--PERSONAL NAME
Personal name Confer, Chris.
245 10 - TITLE STATEMENT
Title Teaching number sense, grade 1 /
Statement of responsibility, etc Chris Confer.
260 ## - PUBLICATION, DISTRIBUTION, ETC. (IMPRINT)
Place of publication, distribution, etc Sausalito, CA :
Name of publisher, distributor, etc Math Solutions Publications,
Date of publication, distribution, etc c2005.
300 ## - PHYSICAL DESCRIPTION
Extent xviii, 137 p. :
Other physical details ill. ;
Dimensions 28 cm.
336 ## - CONTENT TYPE
Content type term text
Content type code txt
Source rdacontent
337 ## - MEDIA TYPE
Media type term unmediated
Media type code n
Source rdamedia
338 ## - CARRIER TYPE
Carrier type term volume
Carrier type code nc
Source rdacarrier
500 ## - GENERAL NOTE
General note Includes index.
650 #0 - SUBJECT ADDED ENTRY--TOPICAL TERM
Topical term or geographic name as entry element Mathematics
General subdivision Study and teaching (Primary)
Topical term or geographic name as entry element Numeration.
Topical term or geographic name as entry element Counting.
Topical term or geographic name as entry element Arithmetic.
856 41 - ELECTRONIC LOCATION AND ACCESS
Materials specified Table of contents
Uniform Resource Identifier <a href="http://www.loc.gov/catdir/toc/ecip0511/2005010701.html">http://www.loc.gov/catdir/toc/ecip0511/2005010701.html</a>
906 ## - LOCAL DATA ELEMENT F, LDF (RLIN)
a 7
b cbc
c orignew
d 1
e ecip
f 20
g y-gencatlg
942 ## - ADDED ENTRY ELEMENTS (KOHA)
Source of classification or shelving scheme Library of Congress Classification
Koha item type Long Loan Books
Holdings
Withdrawn status Lost status Source of classification or shelving scheme Damaged status Not for loan Collection code Home library Current library Shelving location Date acquired Source of acquisition Total Checkouts Full call number Barcode Date last seen Price effective from Koha item type
    Library of Congress Classification     Non-fiction Rongo University Library Rongo University Library General Stacks 29/01/2026 Books for Africa, Donation   QA135.6 .C654 2005 20260594 29/01/2026 29/01/2026 Long Loan Books

© 2026 Rongo University
Contact us: librarian | system librarian | Rongo university